The Punjab peasant in prosperity and debt / (Record no. 6538)

MARC details
000 -LEADER
fixed length control field 00843cam a22002531 4500
001 - CONTROL NUMBER
control field BD-DhSAU 6538
003 - CONTROL NUMBER IDENTIFIER
control field BD-DhSAU
005 - DATE AND TIME OF LATEST TRANSACTION
control field 20150509173203.0
008 - FIXED-LENGTH DATA ELEMENTS--GENERAL INFORMATION
fixed length control field 770824s1932 enkabf b 000 0 eng
040 ## - CATALOGING SOURCE
Original cataloging agency BD-DhSAU
082 ## - DEWEY DECIMAL CLASSIFICATION NUMBER
Classification number 631
Edition number 22
Item number DAP
100 1# - MAIN ENTRY--PERSONAL NAME
Personal name Darling, Malcolm,
245 14 - TITLE STATEMENT
Title The Punjab peasant in prosperity and debt /
Statement of responsibility, etc. by Malcolm Lyall Darling ... with a foreword by Sir Edward Maclagan.
250 ## - EDITION STATEMENT
Edition statement 3d ed.
260 ## - PUBLICATION, DISTRIBUTION, ETC. (IMPRINT)
Place of publication, distribution, etc. New York :
Name of publisher, distributor, etc. H. Milford, Oxford university press ,
Date of publication, distribution, etc. 1932.
300 ## - PHYSICAL DESCRIPTION
Extent xvii, 291 p.:
Other physical details front., plates, maps. ;
Dimensions 22 cm.
504 ## - BIBLIOGRAPHY, ETC. NOTE
Bibliography, etc Includes index
590 ## - Name of Cataloguer
Name of Cataloger IMRAN
650 #0 - SUBJECT ADDED ENTRY--TOPICAL TERM
Topical term or geographic name as entry element Land tenure
Geographic subdivision India
-- Punjab.
650 #0 - SUBJECT ADDED ENTRY--TOPICAL TERM
Topical term or geographic name as entry element Peasants
Geographic subdivision India
-- Punjab.
650 #0 - SUBJECT ADDED ENTRY--TOPICAL TERM
Topical term or geographic name as entry element Interest
Geographic subdivision India
-- Punjab.
650 #0 - SUBJECT ADDED ENTRY--TOPICAL TERM
Topical term or geographic name as entry element Agricultural credit
Geographic subdivision India
-- Punjab.
651 #0 - SUBJECT ADDED ENTRY--GEOGRAPHIC NAME
Geographic name Punjab (India)
General subdivision Economic conditions.
942 ## - ADDED ENTRY ELEMENTS (KOHA)
Source of classification or shelving scheme Dewey Decimal Classification
Koha item type Book
Holdings
Withdrawn status Lost status Source of classification or shelving scheme Damaged status Not for loan Home library Branch Name Shelving location Date acquired Total Checkouts Full call number Barcode Date last seen Price effective from Koha item type
    Dewey Decimal Classification   Not For Loan SAU Library SAU Library Reference 18/05/1978   631 DAP 720 09/05/2015 09/05/2015 Book